| 000 | 00483nam a2200193Ia 4500 | ||
|---|---|---|---|
| 003 | GCL | ||
| 008 | 140319s9999 xx 000 0 eng d | ||
| 040 |
_aGCL / _cGCL |
||
| 082 | 0 | 4 |
_a843 _bC S |
| 100 | 1 | _aCORNEILLE | |
| 245 | 1 | 0 |
_aSURENA GENERAL DES PERTHRES / _cCORNEILLE |
| 260 |
_a[S.N] : _bLE LIVRE DE POCHE ، _c1993 |
||
| 300 | _a158 P | ||
| 490 |
_aLE LIVRE DE POCHE _v0 |
||
| 650 | 0 | 4 | _aLITERATURE |
| 650 | 0 | 4 | _aTHEATER |
| 650 | 0 | 4 | _aFRENCH LITERATURE |
| 942 |
_2ddc _cBK |
||
| 999 |
_c23066 _d23066 |
||